Words Made with Country Codes #2 - Statistics

General Stats
  • This quiz has been taken 6 times
  • The average score is 16 of 24
Answer Stats
Words Countries % Correct
bike Kenya
100%
said Indonesia
83%
said Saudi Arabia
83%
trauma Australia
67%
drag Dominican Republic
67%
user Eritrea
67%
cheese Estonia
67%
meet Ethiopia
67%
invade Germany
67%
invade India
67%
nail Israel
67%
meet Montenegro
67%
nail Namibia
67%
bottom Oman
67%
cheese Switzerland
67%
bottom Trinidad and Tobago
67%
user United States
67%
invade Vatican City
67%
drag Antigua and Barbuda
50%
bottom Bolivia
50%
trauma Morocco
50%
cheese Sweden
50%
trauma Turkey
50%
bike Burundi
33%
No matching quizzes found
Score Distribution
Percent of People with Each Score
Percentile by Number Answered
Your Score History
You have not taken this quiz